All songs of Stoney by Post Malone - Statistics

General Stats
  • This quiz has been taken 6 times
  • The average score is 15 of 18
Answer Stats
Answer % Correct
Big Lie
100%
Broken Whiskey Glass
100%
Congratulations
100%
Deja vu
100%
Feel
100%
Feeling Whitney
100%
Hit This Hard
100%
Leave
100%
White Iverson
100%
Go Flex
80%
I Fall Apart
80%
Money Made Me Do It
80%
Patient
80%
Too Young
80%
Cold
60%
No option
60%
Up There
60%
Yours Truly, Austin Post
60%
No matching quizzes found
Score Distribution
Percent of People with Each Score
Percentile by Number Answered
Your Score History
You have not taken this quiz